zpět

Detail výsledku týmu

Pub Na Plech ČT - Žižkov, Praha

Datum a čas kvízu

25.5 Celkem bodů Celkový počet nahraných bodů na tomto kvízu bez doplňovacích otázek.
7. Pořadí na kvízu Konečné umístění týmu na tomto kvízu.

Zaznamenané odpovědi

# Otázka Odpověď Body Výsledky
1. Minulý týden se publicista a ř... kvůli alkoholu 0
2. Oblíbená turistická atrakce, 6... v Krakově 0
3. Ministerstvo kultury učinilo d... C) česká pivní kultura 1
4. Jistý internetový portál nabíz... Seznam.cz 1
5. O víkendu proběhly v Ostravě k... (Jižní) Korea, Tomáš Berdych 0.5
6. Začneme největšími společnými... Poupata, Michal David 0.5
7. Tento taneční fitness program... zumba 1
8. Cvičení na tomto „půlmíči“ je... BOSU 0
9. Jógu, přesněji řečeno hatha jó... ásany 0
10. Tato žena se narodila v roce 1... Jane Fonda 0